Agrodiversity : learning from farmers across the world

Bibliographic Details
Corporate Author: Project on People, Land Management and Environmental Change
Other Authors: Brookfield, H. C., Brookfield, Muriel, Parsons, Helen
Format: Book
Published: Tokyo New York : United Nations University Press : UNEP : GEF , c2003.
Subjects:

MARC

LEADER 00000cam a2200000 7i4500
001 0000003269
005 20050819.0
020 0 0 |a 9280810871 (pbk.) 
090 0 0 |a 333.7616   |b AGR 
245 1 0 |a Agrodiversity :   |b learning from farmers across the world   |c edited by Harold Brookfield, Helen Parsons, and Muriel Brookfield. 
260 0 0 |a Tokyo   |a New York :   |b United Nations University Press :   |b UNEP :   |b GEF ,   |c c2003. 
300 |a xxiii, 343 p. :   |b ill. (some col.), maps ;   |c 24 cm. 
500 0 0 |a Some of the finds of the international project Project on People, Land Management and Environmental Change--Prelim. p. 
650 0 0 |a Agrobiodiversity. 
700 1 1 |a Brookfield, H. C. 
700 1 1 |a Brookfield, Muriel 
700 1 1 |a Parsons, Helen. 
710 2 1 |a Project on People, Land Management and Environmental Change 
999 |a 0000006241   |b Monograph   |c Open Shelf   |e Default branch